1110 1204 1201 1383 1964 1834 1218 1806 1947 1415 1721 1370 1946 1022 1467 1757 1088 1375 1297 1512 1558 1807 1260 1372 1476 1890 1855 1390 1664 1099 1809 1709 1818 1187 1842 1376 1045 1176 1796 1512 1335 1470 1661 1990 1273 1456 1946 1980 1248 1879 1866 1490 1439 1216 1215 1507 1130 1740 1837 1115 1818 1192 1736 1527 1338 1074 1661 1114 1231 1334 1058 1997 1818 1980 1466 1764 1667 1047 1127 1387 1981 1669 1027 1742 1113 1705 1917 1361 1439 1389 1436 1188 1109 1505 1810 1702 1355 1432 1153 BCNSPRNW ULIB Ver.6.0+V

เปลี่ยนเป็นภาษาไทย

Change to English
 แสดงรายละเอียดบรรณานุกรม
  กลับหน้าหลัก

Brief Record : Get Marc (ISO 2709) : E-mail record : QR code < ปิดหน้าต่าง
LEADER : 00000nam 2200000uu 4500
001    13399114789
003     ULIB
008    120518s2550||||th 000 0 tha d
060  4 W84.6^bค695
110 1  สถาบันพระบรมราชชนก สำนักงานปลัดกระทรวงสาธารณสุข
245 00 คู่มือพัฒนาผู้ปฏิบัติงานในหน่วยบริการปฐมภูมิ (สำหรับวิทยากร)^cบรรณาธิการโดย สาสลิกา เมธนาวิน และคณะ
260    กรุงเทฯ:^bโรงพิมพืองค์การสงเคราะห์ทหารผ่านศึก,^c2550
300    226 หน้า,^c26 ซม
500    ได้รับการสนับสนุนงบประมาณจากสำนักงานหลักประกันสุขภาพแห่งชาติ
650  0 บริการปฐมภูมิ
700 0  สาสลิกา เมธนาวิน และคนอื่นๆ,^eบรรณาธิการ
945    ^p0^l0^i031765
995    เกษร
999 ^a ใช้งานได้ทุกระบบ
รายการนี้ยังไม่มีแท็ก
คุณยังไม่ได้ล็อกอิน คุณสามารถมีกิจกรรมร่วมกับเว็บไซต์ได้ แต่ต้องล็อกอินก่อน ::
  ล็อกอิน

รายการสื่อสารสนเทศ

ลำดับที่ ประเภท เลขเรียก/บาร์โค้ด สถานที่ สถานะ
- ไม่พบข้อมูล -

รายการใกล้เคียง
    หัวเรื่อง [บริการปฐมภูมิ]

BibComment


ยังไม่เคยถูกคอมเมนท์

คอมเมนท์ทรัพยากรรายการนี้
  คอมเมนท์: คู่มือพัฒนาผู้ปฏิ..


 Copyright 2026. Bcnsprnw @Library